| 000 | 00697nam a2200217 a 4500 | ||
|---|---|---|---|
| 005 | 20240924070518.0 | ||
| 008 | 010608s2000 r 000 0 eng d | ||
| 020 | _a8430603859 | ||
| 035 | _aUPN01000107819 | ||
| 049 | _aCG | ||
| 050 | 4 |
_aHB501 _bG5.58 |
|
| 100 | 1 |
_aGiddens, Anthony, _d1938- _928380 |
|
| 245 | 1 | 3 |
_aUn mundo desbocado : _blos efectos de la globalización en nuestras vidas / _cAnthony Giddens ; tr. Pedro Cifuentes. |
| 260 |
_aMadrid : _bTaurus, _c2000. |
||
| 300 | _a177 p. | ||
| 590 | _a(También localizas un ejemplar en el "Area de Reserva") | ||
| 590 | _aBibliografía Básica (BGTQ) | ||
| 650 | 4 |
_aCapitalismo _96436 |
|
| 650 | 4 |
_aGlobalización _95377 |
|
| 905 | _aLibro | ||
| 999 |
_c81731 _d81731 |
||